Evidence in Civil Law - Austria (Record no. 14762)

MARC details
000 -LEADER
fixed length control field 00898nam a2200121Ia 4500
008 - FIXED-LENGTH DATA ELEMENTS--GENERAL INFORMATION
fixed length control field 220615s9999||||xx |||||||||||||| ||und||
100 ## - MAIN ENTRY--PERSONAL NAME
Personal name Nunner-Krautgasser, Bettina||Anzenberger, Philipp
245 #0 - TITLE STATEMENT
Title Evidence in Civil Law - Austria
546 ## - LANGUAGE NOTE
Language note English[eng]
650 ## - SUBJECT ADDED ENTRY--TOPICAL TERM
Topical term or geographic name entry element burden of proof||witness evidence||principles of taking evidence||evidence by inspection||expert opinions||general principles of civil procedure||examination of parties||unlawful evidence||documentary evidence||taking evidence in civil procedure||Counterparty||Legal remedy||Letters rogatory||Trial court||Videotelephony
856 ## - ELECTRONIC LOCATION AND ACCESS
Uniform Resource Identifier <a href="https://library.oapen.org/bitstream/20.500.12657/32001/1/620430.pdf||https://library.oapen.org/bitstream/20.500.12657/32001/1/620430.pdf||https://library.oapen.org/bitstream/20.500.12657/32001/1/620430.pdf||https://library.oapen.org/bitstream/20.500.12657/32001/1/620430.pdf">https://library.oapen.org/bitstream/20.500.12657/32001/1/620430.pdf||https://library.oapen.org/bitstream/20.500.12657/32001/1/620430.pdf||https://library.oapen.org/bitstream/20.500.12657/32001/1/620430.pdf||https://library.oapen.org/bitstream/20.500.12657/32001/1/620430.pdf</a>
942 ## - ADDED ENTRY ELEMENTS (KOHA)
Koha item type E-Books
Holdings
Withdrawn status Lost status Damaged status Not for loan Home library Current library Date acquired Total Checkouts Date last seen Price effective from Koha item type
        Kerala University of Digital Sciences, Innovation and Technology Knowledge Centre Kerala University of Digital Sciences, Innovation and Technology Knowledge Centre 15/06/2022   15/06/2022 15/06/2022 E-Books